000 00444nam a2200205Ia 4500
001 11597
003 GE_BSU
008 181216s||||||||xx |||||||||||||| ||und||
020 _a9780751526462
040 _cGE_BSU
080 _a821.111-32
100 _aBlair,Emma.
245 _aWild Strawberries.
260 _aLondon
260 _bWarner books.
260 _c2000.
300 _a474p;18cm.
653 _aWild Strawberries.
942 _cBK
999 _c44792
_d44792